Погрузочно-разгрузочные машины: каталог-справочник 6-69-40; Ч. 2; Подъемно-транспортное оборудование

Bibliografiske detaljer
Institution som forfatter: НИИИнформтяжмаш
Andre forfattere: Скворцов Б. М. (редактор)
Summary:Исключено из фонда НТБ ТПУ
Sprog:russisk
Udgivet: Москва, НИИИНФОРМТЯЖМАШ, 1970
Format: MixedMaterials Bog
KOHA link:https://koha.lib.tpu.ru/cgi-bin/koha/opac-detail.pl?biblionumber=120770

MARC

LEADER 00000nam0a2200000 4500
001 120770
005 20231101215631.0
035 |a (RuTPU)RU\TPU\book\130774 
035 |a RU\TPU\book\130768 
090 |a 120770 
100 |a 20070904d1970 k y0rusy50 ca 
101 0 |a rus 
102 |a RU 
105 |a a b 000zy 
200 1 |a Погрузочно-разгрузочные машины  |e каталог-справочник 6-69-40  |f НИИИнформтяжмаш; под ред. Б. М. Скворцова  |h Ч. 2  |i Подъемно-транспортное оборудование 
210 |a Москва  |c НИИИНФОРМТЯЖМАШ  |d 1970 
215 |a 112 с.  |c ил. 
333 |a Исключено из фонда НТБ ТПУ 
702 1 |a Скворцов  |b Б. М.  |4 340 
712 0 2 |a НИИИнформтяжмаш  |9 24645 
801 1 |a RU  |b 63413507  |c 20070904  |g PSBO 
801 2 |a RU  |b 63413507  |c 20220617  |g PSBO 
942 |c BK